000 00567nam a2200145Ia 4500
008 090122s9999 xx 000 0 und d
082 _b5260
_a891.4684
100 _aकुलकर्णी
_bरंगनाथ
245 _aसाहेब यशवंतरावज्री चव्हाण
600 _aकुलकर्णी
630 _aसाहेब यशवंतरावज्री चव्हाण
700 _aकुलकर्णी
730 _aसाहेब यशवंतरावज्री चव्हाण
942 _cBOOK
999 _c29338
_d29338